00000000nam 2200000zi 4500
0019.946597
003CaOODSP
00520250121091710
006m     o  d f      
007cr bn|||||||||
008250107s1965    oncad   obfu f000 0 eng d
040 |aCaOODSP|beng|erda|cCaOODSP
043 |an-cn---
0861 |aNR24-28/1965-3E-PDF
24500|aStructural information for building design in Canada 1965 : |bsupplement no. 3 to the National Building Code of Canada / |cissued by the Associate Committee on the National Building Code.
24610|aSupplement no. 3 to the National Building Code of Canada
264 1|aOttawa, Canada : |bNational Research Council, |c1965.
300 |a1 online resource (47 pages, 2 unnumbered pages) : |billustrations, graphs
336 |atext|btxt|2rdacontent
337 |acomputer|bc|2rdamedia
338 |aonline resource|bcr|2rdacarrier
500 |aCover title.
500 |aIssued also in French under title: Renseignements de construction pour le calcul des bâtiments au Canada 1965 : supplément no 3 au Code national du bâtiment (Canada).
504 |aIncludes bibliographical references.
520 |a"The purpose of this Supplement to the Code is to transfer certain design information from the Code to a separate document where it can be treated in detail. The current edition includes information on loads due to wind, snow, earthquake as well as information on stability under compressive stress"--Preface, page [1].
650 0|aBuilding laws|zCanada.
650 0|aBuildings|xStandards|zCanada.
650 0|aLoad factor design|vHandbooks, manuals, etc.
655 7|aHandbooks and manuals|2lcgft
7102 |aNational Research Council of Canada. |bAssociate Committee on the National Building Code, |eissuing body.
77508|tRenseignements de construction pour le calcul des bâtiments au Canada 1965 : |w(CaOODSP)9.946747
795 |tHandbook of pressure coefficients for wind loads 1961 : |w(CaOODSP)9.946554
85640|qPDF|s2.67 MB|uhttps://publications.gc.ca/collections/collection_2025/cnrc-nrc/NR24-28-1965-3-eng.pdf
986 |a8331